000 00504 a2200217 4500
260 _bEyrolles
245 _aRegulation et asservissement
300 _a180p
260 _aParis
650 _aElectronique : exercice
260 _c1989
300 _b24 cm
100 _lFr.
630 _a62 - Ingénieurie. Art de l'ingénieur. Technologie en général
037 _aS 7089
650 _a6 - SCIENCES APPLIQUEES
100 _aHans, T.
700 _aGuyenot, P.
999 _c44271
_d44271